000 02299nam0a2200409 4500
001 RU\NLR\bibl\285698
005 20260407100038.0
021 _aRU
_b2002-10151
_9505
035 _a(NLR Aleph) 000281129
090 _a1645123
_c1645123
100 _a20020703d2001 |||y0rusy50 ca
101 0 _arus
102 _aRU
105 _aa |||||||||
200 1 _aСистема биологической защиты овощных культур от вредителей и болезней в теплицах
_f[Павлюшин В.А., Иванова Г.П., Асякин Б.П. и др.
_gНауч. ред. В.А. Павлюшин, К.Е. Воронин]
_gРос. акад. с.-х. наук, Всерос. НИИ защиты растений
210 _aСПб.
_cВИЗР
_d2001
215 _a72 с.
_cил.
_d21
320 _aБиблиогр.: с. 70-71
606 0 _aОвощные культуры
_xБолезни и вредители
_xБорьба с ними в защищенном грунте
_91748865
_3RU\NLR\auth\66783271
606 0 _aОвощные культуры
_xБолезни и вредители
_xБиологические методы борьбы
_91061176
_3RU\NLR\auth\6693456
606 1 _aОвощные культуры
_xБолезни и вредители
_xБорьба с ними
_xБиологические методы
_92584452
_3RU\NLR\auth\661527645
610 0 _aОвощные культуры - Болезни и вредители - Биологический способ борьбы
610 0 _aЗащита растений в парниках и теплицах
675 _a635.1/.8:632.937
_v3
_zrus
686 _a68.35
_2rugasnti
686 _a44.9
_2rubbk
686 _aП491.46-5
701 1 _4070
_8rus
_7ca
_aПавлюшин
_bВ. А.
_cд-р биол. наук
_f1949-
_gВладимир Алексеевич
_3RU\NLR\auth\7795304
_978230
701 1 _aИванова
_bГ. П.
_4070
701 1 _aАсякин
_bБ. П.
_4070
712 0 2 _4570
_aВсероссийский НИИ защиты растений
_cСанкт-Петербург
_3RU\NLR\AUTH\889925960
_9347728
801 0 _aRU
_bRKP
_c20020703
_gPSBO
801 1 _aRU
_bRKP
_c20020703
801 2 _aRU
_bNLR
_c20110208
_grcr
942 _cBOOK
980 _aNB